000 00532nam a2200217Ia 4500
008 101110s9999 xx 000 0 und d
041 _aENGLISH
082 _bSR34311
100 _aGokhale S.W., Shauraja R.R
245 _aMicro economics -II SYBA
260 _c2009
_bSheth Publishers,Mumbai
300 _a294
365 _b95
520 _aEconomics
546 _aENGLISH
630 _aMicro economics -II SYBA
650 _aEconomics
655 _aEconomics
730 _aMicro economics -II SYBA
942 _cBOOK
999 _c826812
_d826809